[Event "IECG QE.2008.0.00115"]
[Site "IECG email"]
[Date "2008.12.27"]
[Round "?"]
[White "Barton, Steve"]
[Black "Bowman, Rick"]
[Result "0-1"]
[WhiteElo "1300"]
[BlackElo "1250"]
[PlyCount "42"]
[EventDate "2008.12.27"]
[EventType "tourn (corr)"]
[EventRounds "6"]
[SourceTitle "Corr 2024"]
[Source "ChessBase"]
[SourceDate "2023.10.19"]
[SourceVersion "1"]
[SourceVersionDate "2023.10.19"]
[SourceQuality "1"]

1. d4 d5 2. c4 dxc4 3. e4 Nc6 4. Nf3 Nf6 5. Nc3 Bg4 6. d5 Ne5 7. Qa4+ Bd7 8. Qd1 Bg4 9. Be2 Bxf3 10. Bxf3 Nxf3+ 11. Qxf3 Qd6 12. 0-0 e6 13. dxe6 Qxe6 14. e5 Nd7 15. Qxb7 Rb8 16. Qxc7 Be7 17. Rd1 Rd8 18. Bf4 0-0 19. Rd4 Bc5 20. Rd2 Bb6 21. Qd6 Rfe8 0-1

[Event "IECG QE.2008.0.00115"]
[Site "IECG email"]
[Date "2008.12.27"]
[Round "?"]
[White "Schnoewitz, Brigitte"]
[Black "Bowman, Rick"]
[Result "1-0"]
[WhiteElo "1242"]
[BlackElo "1250"]
[PlyCount "55"]
[EventDate "2008.12.27"]
[EventType "tourn (corr)"]
[EventRounds "6"]
[SourceTitle "Corr 2024"]
[Source "ChessBase"]
[SourceDate "2023.10.19"]
[SourceVersion "1"]
[SourceVersionDate "2023.10.19"]
[SourceQuality "1"]

1. d4 d5 2. e3 e6 3. c4 Nf6 4. Nc3 Bb4 5. Bd2 0-0 6. Bd3 c6 7. Nf3 Nbd7 8. 0-0 Bxc3 9. Bxc3 c5 10. Qc2 Re8 11. Rad1 b6 12. cxd5 Nxd5 13. Bxh7+ Kh8 14. Be4 Ba6 15. Rfe1 Rc8 16. Bxd5 exd5 17. Qf5 Nf6 18. dxc5 Rxc5 19. Ng5 g6 20. Qh3+ Kg8 21. Qf3 Kg7 22. Rd4 Rh8 23. Red1 Bb7 24. Qg3 Rh5 25. Rh4 Qe7 26. Rxh5 Kf8 27. Bxf6 Qxf6 28. Nh7+ 1-0

[Event "IECG QE.2008.0.00113"]
[Site "IECG email"]
[Date "2008.04.25"]
[Round "?"]
[White "Bowman, Rick"]
[Black "Cook, Nigel"]
[Result "0-1"]
[WhiteElo "1250"]
[BlackElo "1267"]
[PlyCount "70"]
[EventDate "2008.04.25"]
[EventType "tourn (corr)"]
[EventRounds "6"]
[SourceTitle "Corr 2024"]
[Source "ChessBase"]
[SourceDate "2023.10.19"]
[SourceVersion "1"]
[SourceVersionDate "2023.10.19"]
[SourceQuality "1"]

1. b3 d5 2. Bb2 Nf6 3. Nf3 e6 4. e3 Be7 5. Be2 0-0 6. d3 c5 7. c4 b6 8. 0-0 Bb7 9. Nbd2 Nbd7 10. Rc1 Rc8 11. a3 Re8 12. Ne5 Bd6 13. Ndf3 Qc7 14. d4 Ne4 15. cxd5 Bxd5 16. Bb5 Bxe5 17. Nxe5 Nef6 18. dxc5 bxc5 19. e4 Nxe5 20. Bxe8 Bxe4 21. Bb5 Neg4 22. g3 Ne5 23. Bxe5 Qxe5 24. Re1 Qb8 25. a4 Ba8 26. Qc2 Qb7 27. f3 Qxf3 28. Rf1 Qh1+ 29. Kf2 Qxh2+ 30. Ke1 Qxg3+ 31. Kd2 Rd8+ 32. Bd3 Ne4+ 33. Ke2 Qg2+ 34. Ke1 Qg3+ 35. Rf2 Rxd3 0-1

[Event "IECG TG-2008-0-15806"]
[Site "IECG email"]
[Date "2008.01.07"]
[Round "2"]
[White "Francia, Pasquale"]
[Black "Bowman, Rick"]
[Result "1-0"]
[WhiteElo "1228"]
[BlackElo "1250"]
[PlyCount "43"]
[EventDate "2008.01.07"]
[EventType "tourn (corr)"]
[EventRounds "6"]
[SourceTitle "Corr 2024"]
[Source "ChessBase"]
[SourceDate "2023.10.19"]
[SourceVersion "1"]
[SourceVersionDate "2023.10.19"]
[SourceQuality "1"]

1. e4 Nf6 2. e5 Nd5 3. Na3 e6 4. Nc4 Nc6 5. Nf3 d6 6. d4 Be7 7. Be2 b5 8. exd6 cxd6 9. Ne3 Nxe3 10. Bxe3 a6 11. d5 exd5 12. Qxd5 Bb7 13. 0-0 0-0 14. a4 bxa4 15. Rxa4 Qd7 16. Qa2 a5 17. c3 d5 18. Rd1 Rfd8 19. Bb5 Bf6 20. Bb6 Rdc8 21. Rxd5 Qe8 22. Rd1 1-0